Loading...
Literature - American Literature | 1 | 3 | 0 | 0 | 45 | 76 | 103.50 | 0 | 4 |
Fine Arts - Visual Fine Arts | 0 | 4 | 0 | 3 | 40 | 90 | 129.00 | 1 | 4 |
Science - Other Science | 1 | 1 | 0 | 1 | 25 | 66 | 101.50 | 1 | 2 |
Other Academic | 0 | 2 | 0 | 0 | 20 | 88 | 90.50 | 2 | 2 |
History - European History | 1 | 0 | 0 | 0 | 15 | 72 | 72.00 | 0 | 1 |
Religion | 0 | 1 | 0 | 0 | 10 | 146 | 146.00 | 0 | 1 |
Science - Biology | 0 | 1 | 0 | 0 | 10 | 91 | 91.00 | 0 | 1 |
Science - Chemistry | 0 | 1 | 0 | 1 | 10 | 138 | 138.00 | 0 | 1 |
Science - Physics | 0 | 1 | 0 | 1 | 10 | 126 | 126.00 | 0 | 1 |
Fine Arts - Auditory Fine Arts | 0 | 1 | 0 | 0 | 10 | 112 | 112.00 | 1 | 1 |
Social Science | 0 | 1 | 0 | 0 | 10 | 138 | 138.00 | 1 | 1 |
Literature - British Literature | 0 | 1 | 0 | 0 | 10 | 134 | 134.00 | 0 | 1 |
Literature - European Literature | 0 | 1 | 0 | 1 | 10 | 154 | 154.00 | 0 | 1 |
Literature - World Literature | 0 | 1 | 0 | 0 | 10 | 99 | 99.00 | 0 | 1 |
Philosophy | 0 | 1 | 0 | 0 | 10 | 95 | 95.00 | 0 | 1 |